[Event "2nd EUR-ch (w)"]
[Site "Warsaw POL"]
[Date "2001.05.03"]
[Round "11.23"]
[White "Ionescu-Brandis, Irina"]
[Black "Mamedyarova, Zeinab"]
[Result "1-0"]
[WhiteElo "2339"]
[BlackElo "2226"]
[EventDate "2001.04.21"]
[PlyCount "119"]

1.e4 e5 2.Nf3 Nc6 3.Bc4 Bc5 4.c3 Nf6 5.d3 d6 6.Nbd2 a6 7.Bb3 Be6 8.O-O Qd7
9.Nc4 Ba7 10.Ne3 O-O 11.Qe2 Rfe8 12.Nh4 g6 13.Qf3 Nh5 14.Nef5 Nd8 15.Bc2 
Kh8 16.Bh6 f6 17.Be3 gxf5 18.Qxh5 f4 19.Bxa7 Rxa7 20.Bb3 Bg4 21.Qh6 Qg7 
22.Qxg7+ Kxg7 23.f3 Be6 24.g3 Bxb3 25.axb3 Ne6 26.b4 Kf7 27.Kf2 Raa8 28.
Ng2 Rg8 29.gxf4 Nxf4 30.Nxf4 exf4 31.Rg1 Rg5 32.h4 Rxg1 33.Rxg1 a5 34.Ra1 
a4 35.c4 c5 36.bxc5 dxc5 37.Ra3 Ke6 38.Kg2 Ke5 39.b3 axb3 40.Rxb3 Ra2+ 41.
Kh3 Rf2 42.Kg4 Rg2+ 43.Kh5 Rg3 44.Rxb7 Rxf3 45.Rd7 Rg3 46.Rd5+ Ke6 47.Kh6 
Rg6+ 48.Kxh7 Rg4 49.h5 Rg5 50.h6 Rxd5 51.cxd5+ Kf7 52.d6 f3 53.d7 Ke7 54.
d8=Q+ Kxd8 55.Kg6 f2 56.h7 f1=Q 57.h8=Q+ Ke7 58.Qg7+ Ke6 59.Qf7+ Ke5 60.
Qd5+ 1-0

[Event "2nd EUR-ch (w)"]
[Site "Warsaw POL"]
[Date "2001.05.03"]
[Round "11.24"]
[White "Reizniece, Dana"]
[Black "Ciuksyte, Dagne"]
[Result "0-1"]
[WhiteElo "2301"]
[BlackElo "2217"]
[EventDate "2001.04.21"]
[PlyCount "116"]

1.Nf3 Nf6 2.c4 e6 3.g3 b6 4.Bg2 Bb7 5.O-O c5 6.b3 d6 7.Bb2 Nbd7 8.Nc3 a6 
9.Re1 Qc7 10.d4 cxd4 11.Qxd4 Be7 12.e4 O-O 13.Qe3 Ng4 14.Qe2 Bf6 15.h3 
Nge5 16.Nh2 g6 17.Rad1 Rfd8 18.f4 Nc6 19.Kh1 Bg7 20.Rd2 Nc5 21.Qd1 Rac8 
22.a3 Na5 23.Na4 Nxa4 24.Bxg7 Kxg7 25.bxa4 Nxc4 26.Rc2 Qe7 27.Qc1 Na5 28.
Rxc8 Rxc8 29.Qb2+ e5 30.Qxb6 Qc7 31.Qb4 Nc6 32.Qd2 Qa5 33.Qe3 Nd4 34.Rf1 
Qc3 35.Qxc3 Rxc3 36.fxe5 dxe5 37.Ng4 Ne2 38.Re1 Nxg3+ 39.Kh2 f6 40.Rb1 
Bxe4 41.Bxe4 Nxe4 42.Rb7+ Kg8 43.Nh6+ Kf8 44.Rf7+ Ke8 45.Ra7 Nc5 46.Ng4 
Nd7 47.Rxa6 Ke7 48.a5 f5 49.Nf2 e4 50.Nd1 Rd3 51.Nf2 Rxa3 52.Kg2 e3 53.Nh1
e2 54.Kf2 Rxh3 55.Kxe2 Rxh1 56.Ra8 Ra1 57.a6 Kd6 58.a7 Nb6 0-1

[Event "2nd EUR-ch (w)"]
[Site "Warsaw POL"]
[Date "2001.05.03"]
[Round "11.26"]
[White "Polovnikova, Ekaterina"]
[Black "Kulish, Irina"]
[Result "1/2-1/2"]
[WhiteElo "2377"]
[BlackElo "2302"]
[EventDate "2001.04.21"]
[PlyCount "85"]

1.c4 Nf6 2.d4 e6 3.Nf3 d5 4.Nc3 Be7 5.e3 b6 6.Bd3 Bb7 7.O-O O-O 8.b3 Nbd7 
9.Bb2 Ne4 10.Qc2 Ndf6 11.Ne5 Rc8 12.Rad1 Nxc3 13.Bxc3 c5 14.Qb2 cxd4 15.
Bxd4 dxc4 16.Bxc4 Qc7 17.Rc1 Qb8 18.Bb5 Qd6 19.Be2 Qb8 20.Ng4 Rxc1 21.Rxc1
Rc8 22.Nxf6+ Bxf6 23.Bxf6 Rxc1+ 24.Qxc1 gxf6 25.Qc3 Qe5 26.Qxe5 fxe5 27.f3
Kg7 28.Bd3 h6 29.Kf2 Bd5 30.h4 Bc6 31.g4 f6 32.f4 exf4 33.exf4 a5 34.Ke3 
e5 35.fxe5 fxe5 36.g5 hxg5 37.hxg5 a4 38.Be4 axb3 39.axb3 Bb5 40.b4 Ba6 
41.Bf5 Bb7 42.Kd3 Bd5 43.Be4 1/2-1/2

[Event "2nd EUR-ch (w)"]
[Site "Warsaw POL"]
[Date "2001.05.03"]
[Round "11.27"]
[White "Klinova, Masha"]
[Black "Zakurdyaeva, Irina"]
[Result "1-0"]
[WhiteElo "2368"]
[BlackElo "2282"]
[EventDate "2001.04.21"]
[PlyCount "69"]

1.e4 e6 2.d3 d5 3.Nd2 Nf6 4.Ngf3 c5 5.g3 Nc6 6.Bg2 Be7 7.O-O O-O 8.Re1 b5 
9.e5 Nd7 10.Nf1 a5 11.h4 b4 12.Bf4 Ba6 13.N1h2 a4 14.Ng5 Qe8 15.Qg4 Nd4 
16.Rac1 a3 17.bxa3 c4 18.dxc4 Bxc4 19.Bd2 Nc6 20.Nxe6 fxe6 21.Qxe6+ Kh8 
22.Qxc6 Ra6 23.Qc7 Bc5 24.e6 Rxe6 25.Nf3 Bb6 26.Qb7 bxa3 27.Rxe6 Qxe6 28.
Re1 Qf7 29.Be3 Rb8 30.Ne5 Rxb7 31.Nxf7+ Kg8 32.Nd6 Bxe3 33.Nxc4 Nf6 34.
Nxe3 Re7 35.Rd1 1-0

[Event "2nd EUR-ch (w)"]
[Site "Warsaw POL"]
[Date "2001.05.03"]
[Round "11.28"]
[White "Bosboom-Lanchava, Tea"]
[Black "Iwaniuk, Dorota"]
[Result "1-0"]
[WhiteElo "2351"]
[BlackElo "2266"]
[EventDate "2001.04.21"]
[PlyCount "41"]

1.d4 f5 2.Nf3 Nf6 3.c4 g6 4.g3 Bg7 5.b4 O-O 6.Bb2 d6 7.Bg2 Qe8 8.O-O Nbd7 
9.Nc3 a6 10.Ng5 e5 11.Nd5 h6 12.Nxc7 Qe7 13.Nge6 Rf7 14.Nxg7 Nb6 15.Nxa8 
Nxa8 16.dxe5 dxe5 17.Nxf5 gxf5 18.Qd2 Kh7 19.Rad1 Nb6 20.Qd8 Qxb4 21.Bxe5 
1-0

[Event "2nd EUR-ch (w)"]
[Site "Warsaw POL"]
[Date "2001.05.03"]
[Round "11.29"]
[White "Sudakova, Irina"]
[Black "Stiazhkina, Olga"]
[Result "1/2-1/2"]
[WhiteElo "2256"]
[BlackElo "2346"]
[EventDate "2001.04.21"]
[PlyCount "88"]

1.e4 e6 2.d4 d5 3.exd5 exd5 4.Nf3 Nf6 5.Bd3 Qe7+ 6.Qe2 Qxe2+ 7.Bxe2 Bd6 8.
O-O O-O 9.c4 dxc4 10.Bxc4 Nbd7 11.Nc3 Nb6 12.Bb3 c6 13.Re1 h6 14.Ne5 Bf5 
15.Nc4 Nxc4 16.Bxc4 Rad8 17.h3 Bb4 18.Be3 Nd5 19.Bxd5 cxd5 20.Rec1 Bd3 21.
Na4 Bb5 22.Nc5 b6 23.a3 bxc5 24.axb4 cxd4 25.Bxd4 a6 26.Rc7 Rfe8 27.Kh2 
Re2 28.Rd1 Rde8 29.Kg3 R8e7 30.Rc8+ Kh7 31.Rd8 Bc4 32.Rd6 R7e6 33.Rd7 Re7 
34.Rd6 R2e6 35.Rd8 Re8 36.Rd7 R8e7 37.Rd8 Re1 38.Rxe1 Rxe1 39.Rd6 Rd1 40.
Bc3 f6 41.Kf4 Kg8 42.h4 Kf7 43.b5 Bxb5 44.g4 Ke7 1/2-1/2

[Event "2nd EUR-ch (w)"]
[Site "Warsaw POL"]
[Date "2001.05.03"]
[Round "11.30"]
[White "Gvetadze, Sopio"]
[Black "Slavina, Irina"]
[Result "0-1"]
[WhiteElo "2208"]
[BlackElo "2332"]
[EventDate "2001.04.21"]
[PlyCount "73"]

1.e4 e5 2.Nf3 Nc6 3.d4 exd4 4.Nxd4 Bb4+ 5.c3 Bc5 6.Be3 Bb6 7.Bd3 Nf6 8.O-O
Ne5 9.Bc2 O-O 10.Nd2 Ng6 11.Kh1 d5 12.Bg5 h6 13.Bxf6 Qxf6 14.exd5 Qg5 15.
Be4 Nf4 16.Ne2 Bg4 17.f3 Nxg2 18.Kxg2 Bxf3+ 19.Kxf3 f5 20.Ng3 fxe4+ 21.Kg2
Rxf1 22.Nxf1 Rf8 23.d6 cxd6 24.Qxd6 e3 25.Re1 h5 26.Nxe3 h4 27.Qe6+ Kh8 
28.Nf5 hxg3 29.hxg3 Qd2+ 30.Re2 Qd1 31.Re1 Qc2+ 32.Kh1 Qxf5 33.Qxf5 Rxf5 
34.Re7 Rf1+ 35.Kg2 Rf2+ 36.Kh3 Rxb2 37.Rxb7 0-1

[Event "2nd EUR-ch (w)"]
[Site "Warsaw POL"]
[Date "2001.05.03"]
[Round "11.32"]
[White "Grabarska, Barbara"]
[Black "Cosma, Elena-Luminita"]
[Result "1/2-1/2"]
[WhiteElo "2213"]
[BlackElo "2331"]
[EventDate "2001.04.21"]
[PlyCount "134"]

1.e4 c5 2.Nf3 Nc6 3.d4 cxd4 4.Nxd4 Qc7 5.Nc3 e6 6.Be2 a6 7.O-O Nf6 8.Kh1 
Nxd4 9.Qxd4 Bc5 10.Qd3 b5 11.f4 Bb7 12.Bf3 h5 13.e5 Ng4 14.Bxb7 Qxb7 15.
Ne4 Rc8 16.b3 Nh6 17.Be3 Be7 18.c4 h4 19.h3 Nf5 20.Bf2 O-O 21.Rac1 bxc4 
22.bxc4 f6 23.exf6 Bxf6 24.Nd6 Nxd6 25.Qxd6 Rc6 26.Qd3 Qc7 27.Be3 Rf7 28.
c5 d6 29.cxd6 Qxd6 30.Qe4 Rxc1 31.Rxc1 Rd7 32.f5 exf5 33.Qxf5 Qd5 34.Qxd5+
Rxd5 35.Kg1 Kf7 36.Kf2 Rf5+ 37.Ke2 Re5 38.Rc5 Re4 39.Kf3 Ra4 40.Rc2 Ke6 
41.g3 Ra3 42.gxh4 Bd4 43.Re2 Kf5 44.h5 Ba7 45.Re1 a5 46.Re2 a4 47.Re1 Bc5 
48.Re2 Bb6 49.Re1 Ba7 50.Re2 Bd4 51.Re1 Bc5 52.Re2 Bxe3 53.Rxe3 Rxa2 54.
Re7 Ra3+ 55.Kg2 Kf6 56.Ra7 Ra1 57.Ra6+ Kg5 58.Rg6+ Kf4 59.Rg4+ Kf5 60.Rxg7
Rb1 61.h6 Rb8 62.h7 Rh8 63.Kg3 a3 64.Ra7 a2 65.Ra5+ Kg6 66.Kg4 Kxh7 67.
Rxa2 Rb8 1/2-1/2

[Event "2nd EUR-ch (w)"]
[Site "Warsaw POL"]
[Date "2001.05.03"]
[Round "11.33"]
[White "Saljova-Orsagova, Silvie"]
[Black "Voiska, Margarita"]
[Result "0-1"]
[WhiteElo "2142"]
[BlackElo "2320"]
[EventDate "2001.04.21"]
[PlyCount "126"]

1.d4 Nf6 2.Nf3 g6 3.c4 Bg7 4.Nc3 O-O 5.Bg5 c5 6.d5 h6 7.Bh4 d6 8.Qc2 a6 9.
e3 Qa5 10.Nd2 e5 11.dxe6 Bxe6 12.Nb3 Qc7 13.Rd1 Nc6 14.Be2 b5 15.Bg3 bxc4 
16.Nxc5 Nb4 17.Qa4 Qxc5 18.Bxd6 Qc6 19.Qxb4 Qxg2 20.Rf1 Rfe8 21.f3 Qg5 22.
Bf4 Qf5 23.Bg3 h5 24.e4 Qg5 25.f4 Qh6 26.e5 h4 27.Bf2 Ng4 28.Bg1 h3 29.Ne4
Qh4+ 30.Ng3 Rab8 31.Qc3 Bf8 32.a3 Rb3 33.Qd4 Be7 34.Bxg4 Bxg4 35.Rd2 c3 
36.bxc3 Rd8 37.Qe4 Bf5 38.Rxd8+ Bxd8 39.Qa4 Rb1+ 40.Kd2 Rb2+ 41.Ke1 Bd3 
42.Qe8+ Kg7 43.Bd4 Qe7 44.Qxe7 Bxe7 45.Rf2 Rxf2 46.Kxf2 Bxa3 47.Bb6 Bc1 
48.Kf3 Bd2 49.Ba5 Bc4 50.f5 gxf5 51.Nxf5+ Kg6 52.Nd4 Kg5 53.Ke4 Bf4 54.Bc7
Be6 55.c4 Kg4 56.c5 Bxh2 57.Nf3 Bg3 58.c6 h2 59.Nxh2+ Bxh2 60.Bb6 Bg3 61.
c7 Be1 62.Kd3 Kf5 63.Bd4 Bg3 0-1

[Event "2nd EUR-ch (w)"]
[Site "Warsaw POL"]
[Date "2001.05.03"]
[Round "11.36"]
[White "Nill, Jessica"]
[Black "Zhukova, Natalia"]
[Result "0-1"]
[WhiteElo "2263"]
[BlackElo "2463"]
[EventDate "2001.04.21"]
[PlyCount "58"]

1.d4 Nf6 2.Nf3 c5 3.c3 b6 4.Bf4 Bb7 5.e3 g6 6.h3 Bg7 7.Be2 O-O 8.O-O d6 9.
Nbd2 Nbd7 10.a4 a6 11.Re1 Qc7 12.Bh2 Rac8 13.Bf1 Qb8 14.Qb3 Qa8 15.Red1 
Ne4 16.Nxe4 Bxe4 17.Ne1 cxd4 18.cxd4 Rc7 19.Rac1 Bd5 20.Qa3 Rfc8 21.Nd3 a5
22.b4 Nf6 23.bxa5 Qxa5 24.Rxc7 Rxc7 25.Nb4 Bc6 26.Bb5 Ne4 27.Nxc6 Qc3 28.
Qxc3 Nxc3 29.Rc1 Rxc6 0-1

[Event "2nd EUR-ch (w)"]
[Site "Warsaw POL"]
[Date "2001.05.03"]
[Round "11.37"]
[White "Bogza, Adina"]
[Black "Lomineishvili, Maia"]
[Result "1/2-1/2"]
[WhiteElo "2252"]
[BlackElo "2437"]
[EventDate "2001.04.21"]
[PlyCount "55"]

1.d4 Nf6 2.Nf3 g6 3.g3 Bg7 4.Bg2 O-O 5.O-O d6 6.b3 c6 7.Bb2 Qa5 8.c4 Qh5 
9.Nc3 Bh3 10.Bxh3 Qxh3 11.e4 Ng4 12.Ne2 e5 13.Kh1 f5 14.Neg1 Qh5 15.exf5 
e4 16.Nh4 gxf5 17.h3 Nf6 18.Ba3 Qxd1 19.Raxd1 Ne8 20.Ne2 a5 21.Nf4 Na6 22.
Ne6 Rf7 23.Nxg7 Kxg7 24.d5 Nb4 25.dxc6 bxc6 26.f3 Nd3 27.Kg2 c5 28.g4 
1/2-1/2

[Event "2nd EUR-ch (w)"]
[Site "Warsaw POL"]
[Date "2001.05.03"]
[Round "11.38"]
[White "Celuskina, Irina"]
[Black "Khasanova, Elmira"]
[Result "1-0"]
[WhiteElo "2388"]
[BlackElo "2249"]
[EventDate "2001.04.21"]
[PlyCount "81"]

1.g3 c5 2.Bg2 Nc6 3.c4 g6 4.Nc3 Bg7 5.d3 e6 6.e4 Nge7 7.Nge2 d6 8.O-O O-O 
9.Rb1 Rb8 10.Be3 Nd4 11.b4 Nec6 12.b5 Nxe2+ 13.Nxe2 Nd4 14.Nxd4 cxd4 15.
Bd2 b6 16.a4 Bb7 17.a5 f5 18.a6 Ba8 19.f3 d5 20.cxd5 fxe4 21.fxe4 Rxf1+ 
22.Qxf1 exd5 23.e5 Bxe5 24.Bf4 Bxf4 25.Qxf4 Qe8 26.Bh3 Qe3+ 27.Qxe3 dxe3 
28.d4 Re8 29.Kf1 Re4 30.Rc1 Rxd4 31.Rc8+ Kf7 32.Rxa8 Ra4 33.Rxa7+ Kf6 34.
Ke2 d4 35.Bf1 Ra2+ 36.Kd3 Ke5 37.Kc4 Rc2+ 38.Kb4 Kd6 39.Ra8 Ra2 40.a7 Kc7 
41.Re8 1-0

[Event "2nd EUR-ch (w)"]
[Site "Warsaw POL"]
[Date "2001.05.03"]
[Round "11.39"]
[White "Graf-Mamedova, Rena"]
[Black "Khmiadashvili, Tamara"]
[Result "1-0"]
[WhiteElo "2353"]
[BlackElo "2241"]
[EventDate "2001.04.21"]
[PlyCount "139"]

1.d4 d6 2.e4 c6 3.c4 e5 4.Ne2 Be7 5.Nbc3 Nf6 6.g3 Bg4 7.Bg2 O-O 8.Qc2 a5 
9.O-O Na6 10.a3 Qc8 11.Na4 Bxe2 12.Qxe2 Qc7 13.Be3 exd4 14.Bxd4 Nd7 15.
Rac1 Rfe8 16.Bh3 Nac5 17.Nxc5 Nxc5 18.Qc2 a4 19.Rcd1 Bf8 20.Rfe1 Ne6 21.
Be3 Ra5 22.f4 Nc5 23.Bd2 Raa8 24.Bc3 f6 25.Re2 Qf7 26.Bb4 Qh5 27.Bg2 Nb3 
28.Kh1 Rad8 29.h3 Qf7 30.Be1 f5 31.Bf2 fxe4 32.Bxe4 Qh5 33.Kg2 g6 34.Rde1 
Kh8 35.Bxg6 Rxe2 36.Qc3+ Bg7 37.Bxh5 Bxc3 38.Rxe2 Bf6 39.Bb6 Rd7 40.g4 h6 
41.Kg3 d5 42.cxd5 Rxd5 43.Bg6 Rb5 44.Bc7 Nc1 45.Re3 Kg7 46.Bc2 Rxb2 47.
Bxa4 Ne2+ 48.Kf3 Nc3 49.g5 hxg5 50.fxg5 Bd4 51.Rd3 c5 52.Be8 Rf2+ 53.Kg4 
Rf8 54.Bh5 Ne4 55.Rb3 Nf2+ 56.Kh4 c4 57.Rxb7 Kg8 58.Be2 Nd3 59.Bd6 Re8 60.
Rb8 Rxb8 61.Bxb8 Nb2 62.Bf4 c3 63.Bc1 Bc5 64.Bf3 Bxa3 65.Bd5+ Kg7 66.Be3 
Kf8 67.Bb3 Nd3 68.Bd4 Bb4 69.g6 Be7+ 70.Kg4 1-0

[Event "2nd EUR-ch (w)"]
[Site "Warsaw POL"]
[Date "2001.05.03"]
[Round "11.40"]
[White "Matnadze, Ana"]
[Black "Heymann, Ulrike"]
[Result "1-0"]
[WhiteElo "2332"]
[BlackElo "2188"]
[EventDate "2001.04.21"]
[PlyCount "77"]

1.d4 Nf6 2.g3 g6 3.Bg2 Bg7 4.Nf3 O-O 5.O-O d6 6.c4 Nc6 7.Nc3 Bf5 8.d5 Na5 
9.Nd4 Bd7 10.b3 c5 11.Nc2 a6 12.Rb1 Rb8 13.e4 b5 14.cxb5 axb5 15.b4 cxb4 
16.Rxb4 Qc7 17.Bb2 Rfc8 18.Ne3 Qc5 19.a3 Ne8 20.e5 Bxe5 21.Ne4 Qc7 22.Bxe5
dxe5 23.Qa1 f5 24.d6 exd6 25.Nd5 Qd8 26.Nxd6 Nxd6 27.Qxe5 Nac4 28.Rxc4 
Nxc4 29.Ne7+ Kf7 30.Bd5+ Ke8 31.Bxc4 Qxe7 32.Qh8+ Qf8 33.Re1+ Be6 34.Rxe6+
Kd7 35.Qd4+ Kc7 36.Qe5+ Kb7 37.Qxb5+ Kc7 38.Qc6+ Kd8 39.Qd5+ 1-0

[Event "2nd EUR-ch (w)"]
[Site "Warsaw POL"]
[Date "2001.05.03"]
[Round "11.41"]
[White "Pokorna, Regina"]
[Black "Dimitrijevic, Aleksandra"]
[Result "1-0"]
[WhiteElo "2376"]
[BlackElo "2152"]
[EventDate "2001.04.21"]
[PlyCount "90"]

1.e4 c5 2.Nc3 e6 3.g3 d5 4.d3 Nf6 5.Bg2 Be7 6.exd5 exd5 7.Nge2 Nc6 8.O-O 
O-O 9.Re1 d4 10.Ne4 Nd5 11.Nf4 Nc7 12.h4 f6 13.Nd2 Ne5 14.Nc4 Bg4 15.f3 
Bd7 16.Nxe5 fxe5 17.Rxe5 Bd6 18.Re1 Bc6 19.Bd2 Qf6 20.Qe2 Rae8 21.Qf2 Bxf4
22.Bxf4 Nd5 23.Bg5 Qd6 24.Rxe8 Rxe8 25.Re1 Rf8 26.c4 dxc3 27.bxc3 h6 28.
Bd2 Nf6 29.d4 cxd4 30.Bf4 Qa3 31.cxd4 Nd5 32.Be5 Nc3 33.Qe3 Qa5 34.Bd6 Re8
35.Qd2 Rd8 36.Be5 b6 37.Rc1 Qxe5 38.Qxc3 Qxg3 39.Qxc6 Qxh4 40.Qc4+ Kh8 41.
Rd1 Qf4 42.Qd3 Rd5 43.Qe4 Qg5 44.f4 Qg4 45.Qf3 Qxg2+ 1-0

[Event "2nd EUR-ch (w)"]
[Site "Warsaw POL"]
[Date "2001.05.03"]
[Round "11.45"]
[White "Kharashkina, Bairta"]
[Black "Tereladze, Sopiko"]
[Result "0-1"]
[WhiteElo "2173"]
[BlackElo "2267"]
[EventDate "2001.04.21"]
[PlyCount "96"]

1.e4 c5 2.c3 d6 3.d4 Nd7 4.Nf3 e6 5.Bd3 Ngf6 6.O-O Be7 7.h3 c4 8.Bc2 Rb8 
9.e5 Nd5 10.a4 b6 11.Na3 Ba6 12.Qe2 Qc7 13.Nb5 Bxb5 14.axb5 O-O 15.Qe4 g6 
16.Bh6 Rfc8 17.h4 Nf8 18.h5 Qd7 19.Ba4 Ra8 20.exd6 Bxd6 21.Ne5 Qe7 22.g3 
Nf6 23.Qe2 Bxe5 24.dxe5 Nxh5 25.Rad1 Ng7 26.g4 Qh4 27.Be3 Rd8 28.Qxc4 Nd7 
29.Qf4 Nxe5 30.f3 Nd3 31.Rxd3 Rxd3 32.Kg2 e5 33.Qe4 Rad8 34.Bf2 Qf6 35.Bg3
Rd2+ 36.Rf2 Rxf2+ 37.Bxf2 Ne6 38.Be3 Nc5 39.Bxc5 bxc5 40.Kg3 Rd2 41.Bb3 g5
42.Qf5 Qxf5 43.gxf5 Rxb2 44.Bc4 Kg7 45.Bf1 h5 46.c4 Kf6 47.Bd3 Rd2 48.Be4 
Rd4 0-1

[Event "2nd EUR-ch (w)"]
[Site "Warsaw POL"]
[Date "2001.05.03"]
[Round "11.46"]
[White "Zayats, Elena"]
[Black "Kucypera, Anna"]
[Result "0-1"]
[WhiteElo "2376"]
[BlackElo "2145"]
[EventDate "2001.04.21"]
[PlyCount "78"]

1.d4 Nf6 2.c4 g6 3.Nc3 Bg7 4.e4 d6 5.Be2 O-O 6.Bg5 c5 7.dxc5 dxc5 8.Qxd8 
Rxd8 9.e5 Nfd7 10.Nd5 Nc6 11.f4 f6 12.exf6 exf6 13.Bh4 Nd4 14.Bd3 Re8+ 15.
Kf2 Rb8 16.Nh3 g5 17.Bg3 gxf4 18.Nhxf4 Ne5 19.Rhe1 Bd7 20.Rac1 Rbd8 21.Bf1
Bc6 22.h3 Nf5 23.Bh2 Kh8 24.Rcd1 Nd4 25.Rc1 Rf8 26.b3 Rf7 27.Rcd1 Bh6 28.
Ne3 Rfd7 29.Nfd5 Bg7 30.Bg3 Rf8 31.Rd2 Bh6 32.Bf4 Bg5 33.Bxg5 fxg5+ 34.Kg3
h5 35.h4 gxh4+ 36.Kh3 Rg8 37.Red1 Bxd5 38.Nxd5 Rg3+ 39.Kxh4 Nf5+ 0-1

[Event "2nd EUR-ch (w)"]
[Site "Warsaw POL"]
[Date "2001.05.03"]
[Round "11.47"]
[White "Erenska, Hanna"]
[Black "Manakova, Maria"]
[Result "0-1"]
[WhiteElo "2246"]
[BlackElo "2395"]
[EventDate "2001.04.21"]
[PlyCount "132"]

1.e4 c5 2.c3 d5 3.exd5 Qxd5 4.d4 Nf6 5.Nf3 Bg4 6.Be2 e6 7.h3 Bh5 8.O-O Nc6
9.dxc5 Qxd1 10.Rxd1 Bxc5 11.Bf4 Ne4 12.Be3 Bxe3 13.fxe3 Ke7 14.Nbd2 Nc5 
15.Kf1 e5 16.b4 Na4 17.Rdc1 f6 18.Bb5 Nb6 19.e4 Be8 20.Be2 Rc8 21.a4 a5 
22.b5 Nd8 23.Nb3 Ne6 24.c4 Nd7 25.Nxa5 Ndc5 26.Bd1 Bf7 27.Bc2 Nd4 28.Bd1 
Rhd8 29.Kg1 Ra8 30.Nxb7 Nxb7 31.c5 Na5 32.Nxd4 Rxd4 33.Rab1 Rc4 34.Bg4 h5 
35.Rxc4 Nxc4 36.Be2 Na5 37.b6 Be8 38.Bb5 Bc6 39.Rb4 Kd7 40.Rb1 Rd8 41.g4 
hxg4 42.hxg4 Kc8 43.Bxc6 Nxc6 44.g5 Rd4 45.gxf6 gxf6 46.b7+ Kc7 47.Rb6 Rd8
48.a5 Nxa5 49.Rxf6 Kxb7 50.Kf2 Rd2+ 51.Kf3 Rc2 52.Kg4 Rxc5 53.Kf5 Nc6 54.
Rf8 Kb6 55.Rh8 Kb5 56.Rh1 Rc3 57.Ke6 Kc5 58.Rd1 Rc4 59.Kf5 Rd4 60.Rh1 Rd3 
61.Rc1+ Kd6 62.Re1 Nd4+ 63.Kg4 Rf3 64.Kg5 Rf4 65.Re3 Ne6+ 66.Kg6 Nc5 0-1

[Event "2nd EUR-ch (w)"]
[Site "Warsaw POL"]
[Date "2001.05.03"]
[Round "11.48"]
[White "Sasu-Ducsoara, Andreea"]
[Black "Agababean, Naira"]
[Result "1/2-1/2"]
[WhiteElo "2240"]
[BlackElo "2362"]
[EventDate "2001.04.21"]
[PlyCount "71"]

1.e4 g6 2.d4 Bg7 3.Nc3 c6 4.Bc4 b5 5.Bb3 b4 6.Qf3 e6 7.Nce2 d5 8.Nh3 h6 9.
a3 bxa3 10.Rxa3 Bf8 11.Ra1 Nf6 12.exd5 cxd5 13.Nhf4 Bg7 14.O-O g5 15.Nh5 
Nxh5 16.Qxh5 Nd7 17.Ba4 O-O 18.Bxd7 Bxd7 19.f4 f6 20.Rf2 Qe8 21.Qf3 Qg6 
22.Ng3 g4 23.Qa3 f5 24.c3 Bb5 25.b3 a6 26.Qa5 Rfc8 27.Qa2 Rc6 28.Ba3 Rac8 
29.Bc5 Bf8 30.b4 h5 31.Ne2 Bg7 32.Nc1 h4 33.Nd3 Kf7 34.Re2 Qh6 35.Ne5+ 
Bxe5 36.Rxe5 1/2-1/2

[Event "2nd EUR-ch (w)"]
[Site "Warsaw POL"]
[Date "2001.05.03"]
[Round "11.50"]
[White "Burvenich, Silvia"]
[Black "Korbut, Ekaterina"]
[Result "0-1"]
[WhiteElo "2224"]
[BlackElo "2330"]
[EventDate "2001.04.21"]
[PlyCount "38"]

1.c4 e5 2.Nc3 Nf6 3.Nf3 Nc6 4.e4 Bc5 5.Nxe5 O-O 6.Nd3 Bd4 7.f3 Re8 8.Nf2 
d5 9.cxd5 Nxd5 10.Nxd5 Qxd5 11.Be2 Qg5 12.Kf1 Be6 13.Qa4 Rad8 14.g3 Qf6 
15.Kg2 Bxf2 16.Kxf2 Rd4 17.Qb5 Rxe4 18.Re1 Bg4 19.Qd3 Bxf3 0-1

[Event "2nd EUR-ch (w)"]
[Site "Warsaw POL"]
[Date "2001.05.03"]
[Round "11.52"]
[White "Lomakina, Galia"]
[Black "Fomina, Tatjana"]
[Result "1/2-1/2"]
[WhiteElo "2134"]
[BlackElo "2278"]
[EventDate "2001.04.21"]
[PlyCount "139"]

1.Nf3 Nf6 2.g3 b5 3.Bg2 Bb7 4.O-O e6 5.d3 d5 6.Nbd2 Bc5 7.e4 Nbd7 8.e5 Ng8
9.a4 a6 10.d4 Be7 11.Re1 Nh6 12.Nf1 Nf5 13.h4 c5 14.c3 b4 15.Bh3 g6 16.Bg5
Rc8 17.a5 Bc6 18.N1h2 Bb5 19.Ng4 bxc3 20.bxc3 cxd4 21.cxd4 Rc3 22.Bf1 Bxf1
23.Kxf1 Qc7 24.Kg2 h6 25.Bxe7 Kxe7 26.Qd2 Kf8 27.Reb1 Kg7 28.Rb2 Qc4 29.
Rb7 Nb8 30.Qf4 Qd3 31.Nf6 Nc6 32.Qg4 Qxf3+ 33.Qxf3 Rxf3 34.Kxf3 Nfxd4+ 35.
Kf4 g5+ 36.hxg5 hxg5+ 37.Kxg5 Nf3+ 38.Kf4 Nfxe5 39.Nd7 Nc4 40.Nc5 Rh2 41.
Kg5 Nd4 42.Rd1 Nf3+ 43.Kf4 Ncd2 44.Nd3 Kf6 45.g4 Rh3 46.g5+ Kg6 47.Ne5+ 
Nxe5 48.Rxd2 Nc4 49.Rd1 Kh5 50.Rxf7 e5+ 51.Kf5 Nd6+ 52.Ke6 Nxf7 53.Kxf7 
Kxg5 54.Rxd5 Kf5 55.Rd6 Rh7+ 56.Ke8 Rh2 57.Rxa6 Rxf2 58.Ra7 Ra2 59.a6 e4 
60.Rf7+ Kg4 61.Re7 Kf3 62.a7 e3 63.Rf7+ Kg2 64.Rg7+ Kf1 65.Rf7+ Ke1 66.Kd8
e2 67.Kc8 Kd2 68.Rd7+ Kc3 69.Re7 Kd3 70.Kb7 1/2-1/2

[Event "2nd EUR-ch (w)"]
[Site "Warsaw POL"]
[Date "2001.05.03"]
[Round "11.53"]
[White "Cherednichenko, Svetlana"]
[Black "Melamed, Tetyana"]
[Result "1/2-1/2"]
[WhiteElo "2203"]
[BlackElo "2273"]
[EventDate "2001.04.21"]
[PlyCount "119"]

1.d4 Nf6 2.c4 c5 3.d5 b5 4.cxb5 a6 5.f3 g6 6.e4 Bg7 7.Nc3 O-O 8.bxa6 e6 9.
dxe6 fxe6 10.Be3 Nxa6 11.Bxa6 Bxa6 12.Bxc5 Ng4 13.Nge2 Qg5 14.Bxf8 Ne3 15.
Qc1 Rxf8 16.Rg1 Qc5 17.f4 d5 18.e5 Ng4 19.Nd1 Qb5 20.Qd2 Bh6 21.a4 Qb6 22.
Qd4 Qxd4 23.Nxd4 Rxf4 24.Nb5 Re4+ 25.Kf1 Nxh2+ 26.Kf2 Ng4+ 27.Kg3 Nxe5 28.
Ndc3 Rb4 29.Rab1 Bf4+ 30.Kh3 Nd3 31.g3 Be3 32.Rgf1 d4 33.Ne4 Rxa4 34.Nc7 
Bc8 35.Nf6+ Kh8 36.Ng4 Kg8 37.Nf6+ Kh8 38.Ng4 Kg8 39.Nf6+ Kf7 40.Nxh7+ 
Nf2+ 41.Rxf2+ Bxf2 42.Rf1 e5+ 43.g4 Kg7 44.Ng5 Be3 45.Ne8+ Kg8 46.Nf6+ Kf8
47.Nd5+ Ke8 48.Ne4 Be6 49.Nc7+ Ke7 50.Nxe6 d3 51.Nc3 Rb4 52.Nf8 Bd4 53.
Nxg6+ Ke6 54.Nf8+ Ke7 55.Ng6+ Ke6 56.Nf8+ Ke7 57.Ng6+ Ke6 58.Nf8+ Ke7 59.
Ng6+ Ke6 60.Nf8+ 1/2-1/2

[Event "2nd EUR-ch (w)"]
[Site "Warsaw POL"]
[Date "2001.05.03"]
[Round "11.56"]
[White "Blimke, Dalia"]
[Black "Alieva, Elmira"]
[Result "0-1"]
[WhiteElo "2209"]
[BlackElo "2257"]
[EventDate "2001.04.21"]
[PlyCount "89"]

1.Nf3 Nf6 2.b3 g6 3.Bb2 Bg7 4.g3 c5 5.c4 Nc6 6.Bg2 O-O 7.O-O d5 8.cxd5 
Nxd5 9.Bxg7 Kxg7 10.Qc2 b6 11.d4 Nxd4 12.Nxd4 cxd4 13.Qc4 Bb7 14.Qxd4+ Kg8
15.Na3 e6 16.Nc4 Qe7 17.e4 Nb4 18.Qd6 Qxd6 19.Nxd6 Ba6 20.Rfd1 e5 21.f4 
exf4 22.gxf4 Rad8 23.e5 Nc2 24.Rac1 Ne3 25.Re1 Nxg2 26.Kxg2 Rd7 27.Kf2 Bb7
28.Rc3 Rfd8 29.Rec1 Bd5 30.Rc7 Rxc7 31.Rxc7 a5 32.Rc8 Rf8 33.Ke3 a4 34.
bxa4 Bxa2 35.Rxf8+ Kxf8 36.Nc8 Bc4 37.Nxb6 Bf1 38.Nd5 h6 39.Kd4 Ke8 40.
Nf6+ Kd8 41.Kc5 Kc8 42.Ng8 g5 43.f5 h5 44.e6 fxe6 45.f6 0-1

[Event "2nd EUR-ch (w)"]
[Site "Warsaw POL"]
[Date "2001.05.03"]
[Round "11.57"]
[White "Costagliola, Marina"]
[Black "Toma, Katarzyna"]
[Result "1-0"]
[WhiteElo "2254"]
[BlackElo "2101"]
[EventDate "2001.04.21"]
[PlyCount "86"]

1.e4 c5 2.Nc3 Nc6 3.g3 g6 4.Bg2 Bg7 5.d3 d6 6.Be3 Rb8 7.Qd2 b5 8.Nf3 Nd4 
9.Nh4 b4 10.Nd1 Qb6 11.O-O Bd7 12.h3 e5 13.Kh1 Ne7 14.c3 bxc3 15.bxc3 Ndc6
16.f4 exf4 17.Bxf4 Ne5 18.Rc1 O-O 19.Bg5 N7c6 20.Ne3 f6 21.Nd5 Qd8 22.Bh6 
Ne7 23.Bxg7 Kxg7 24.Nf4 Qa5 25.Rf2 Kh8 26.Nd5 Nxd5 27.exd5 Bb5 28.Bf1 Kg7 
29.Ng2 Bd7 30.Nf4 Rfe8 31.Kg2 Qa4 32.Re1 Nf7 33.Ne2 Re5 34.Nf4 Rbe8 35.
Rxe5 Nxe5 36.Kh2 Qa3 37.Be2 Rb8 38.Ne6+ Bxe6 39.dxe6 Re8 40.d4 Nc6 41.Bb5 
Rc8 42.Qf4 f5 43.Qxd6 Nb8 1-0

[Event "2nd EUR-ch (w)"]
[Site "Warsaw POL"]
[Date "2001.05.03"]
[Round "11.60"]
[White "Hernandez Estevez, Yudania"]
[Black "Kludacz, Magdalena"]
[Result "0-1"]
[WhiteElo "2265"]
[BlackElo "2203"]
[EventDate "2001.04.21"]
[PlyCount "108"]

1.e4 e6 2.d4 d5 3.Nc3 Bb4 4.Ne2 dxe4 5.a3 Bxc3+ 6.Nxc3 Nc6 7.Bb5 Ne7 8.Bg5
f6 9.Be3 O-O 10.Qd2 f5 11.O-O-O a6 12.Bxc6 Nxc6 13.f3 exf3 14.gxf3 Rf7 15.
Rhg1 Qf8 16.Bf4 e5 17.Bxe5 Nxe5 18.dxe5 Be6 19.Qh6 g6 20.Qf4 Rd8 21.h4 
Rxd1+ 22.Rxd1 Qc5 23.h5 Rd7 24.Rh1 gxh5 25.Qh6 Bc4 26.e6 Rg7 27.b4 Qe5 28.
Rd1 Qxe6 29.Rd8+ Kf7 30.Qf4 Kg6 31.Rd1 h6 32.Rh1 Re7 33.Kb2 b5 34.Qg3+ Kh7
35.Rxh5 Qf6 36.Qf4 Rf7 37.Rh1 Qd6 38.Qh4 Qf6 39.Qh2 c5 40.Rd1 cxb4 41.axb4
a5 42.Qd6 Qxd6 43.Rxd6 axb4 44.Nd5 Bxd5 45.Rxd5 Kg6 46.Rxb5 Kg5 47.Rxb4 h5
48.Kc3 h4 49.Kd2 Re7 50.c4 h3 51.Rb8 Rh7 52.Rb1 h2 53.Rh1 Kf4 54.c5 Kxf3 
0-1

[Event "2nd EUR-ch (w)"]
[Site "Warsaw POL"]
[Date "2001.05.03"]
[Round "11.62"]
[White "Baklanova, Tatiana"]
[Black "Aginian, Nelly"]
[Result "0-1"]
[WhiteElo "2257"]
[BlackElo "2192"]
[EventDate "2001.04.21"]
[PlyCount "74"]

1.d4 Nf6 2.c4 g6 3.Nc3 d5 4.cxd5 Nxd5 5.Bd2 Bg7 6.e4 Nb6 7.Be3 O-O 8.h3 f5
9.Qb3+ Kh8 10.Nf3 Nc6 11.exf5 gxf5 12.d5 Ne5 13.Nxe5 Bxe5 14.f4 Bg7 15.
O-O-O e6 16.Bc5 exd5 17.Bxf8 Qxf8 18.Qc2 d4 19.Nb5 Nd5 20.Rxd4 Bxd4 21.
Nxd4 Qb4 22.Nf3 Qxf4+ 23.Kb1 Bd7 24.Bc4 Bc6 25.Re1 Nf6 26.Qc3 Be4+ 27.Ka1 
Qd6 28.Ng5 Kg7 29.Bb3 h6 30.Nxe4 fxe4 31.Rxe4 Kg6 32.Re3 Rf8 33.Rg3+ Kh7 
34.Qc2+ Kh8 35.Rg6 Qf4 36.a3 c6 37.Qc5 Nd5 0-1